The Lost Stupa of Kahu-Jo-Daro: (Record no. 212350)

MARC details
000 -LEADER
fixed length control field 00613nam a22001937a 4500
005 - DATE AND TIME OF LATEST TRANSACTION
control field 20250714120249.0
010 ## - LCCN (DPL NO)
LC control number ENG-145929
020 ## - INTERNATIONAL STANDARD BOOK NUMBER
International Standard Book Number 9788195441945
Terms of availability 1100.00
035 ## - SYSTEM CONTROL NUMBER
System control number EN-129461
037 ## - SOURCE OF ACQUISITION
Source of stock number/acquisition DBAD
082 ## - DEWEY DECIMAL CLASSIFICATION NUMBER
Classification number 954.01
Edition number 1
100 ## - MAIN ENTRY--PERSONAL NAME
Personal name Mukherjee, Sabyasachi
245 ## - TITLE STATEMENT
Title The Lost Stupa of Kahu-Jo-Daro:
Statement of responsibility, etc Sabyasachi Mukherjee
Remainder of title An Attempt at Reconstruction/
250 ## - EDITION STATEMENT
Edition statement 1
260 ## - PUBLICATION, DISTRIBUTION, ETC. (IMPRINT)
Place of publication, distribution, etc Mumbai
Name of publisher, distributor, etc Chhatrapati Shivaji Maharaj Vastu Sangrahalaya
Date of publication, distribution, etc 2022
270 ## - ADDRESS
Address 159-161, M.G. Road, Fort
City Mumbai
Postal code 400023
300 ## - PHYSICAL DESCRIPTION
Extent 94p.
Dimensions 24cm(hb)
942 ## - ADDED ENTRY ELEMENTS (KOHA)
Source of classification or shelving scheme Dewey Decimal Classification
Item type English Books
Classification part 954.01
Call number suffix MUK
Holdings
Withdrawn status Lost status Not for loan Collection code Home library Current library Date acquired Source of acquisition Cost, normal purchase price Full call number Barcode Copy number Cost, replacement price Koha item type
      Non-fiction Mobile Library Mobile Library 14/07/2025 Delivery of Books Act Division 1100.00 954.01 MUK EN-129461 1 1100.00 English Books

© Delhi Public Library
Hit Counter
free hit counter